| 000 | 00591cam a22001337a 4500 | ||
|---|---|---|---|
| 008 | 180718b2011 xxu||||| |||| 00| 0 eng d | ||
| 082 | _aAPPPA 2010-11/PED | ||
| 100 | _aPeddanna, V. | ||
| 245 |
_aRe-organisation of states and allocation of services: a study with special reference to re-organisation of Uttar Pradesh in 2000 _cby V. Peddanna |
||
| 260 |
_aNew Delhi _bIndian Institute of Public Administration _c2011 |
||
| 300 | _a114p. | ||
| 500 | _aAn APPPA M. Phil dissertation, 2010-11 (Guide: Prof. Dolly Arora) | ||
| 650 | _aUttar Pradesh (India) --Administrative and political divisions | ||
| 999 |
_c502354 _d502354 |
||